Területi statisztikai évkönyv 1988

Saved in:
Bibliographic Details
Format: Book
Language:Hungarian
Published: Budapest Központi Statisztikai Hivatal 1989
Subjects:
Tags: Add Tag
No Tags, Be the first to tag this record!

MARC

LEADER 00000nam a2200000 4500
001 c036635
005 20250207075001.6
041 0 |a hun 
044 |a HU 
245 1 0 |a Területi statisztikai évkönyv 1988 
264 1 |a Budapest  |b Központi Statisztikai Hivatal  |c 1989 
300 |a 230 s. 
610 2 0 |a Maďarsko 
610 2 0 |a štatistika regionálna